000 00340nam a2200109Ia 4500
008 220204s9999 xx 000 0 und d
082 _a638.1
_bPAD
100 _aPadmanabhan, P
245 0 _aTheneecha valarthalum samoohya vanavalkaranavum (Beekeeping and social forestry)
260 _aTrivandrum
_bKerala Bhasha Institute
_c1991
942 _cBK
999 _c40552
_d40552